00688nam a22002177a 4500003000200000005001700002008004100019020002200060050001800082082001800100100001700118245003300135260004400168300002400212440003600236650002300272650002200295942001200317999001900329952012200348020260205114934.0260205b xxu||||| |||| 00| 0 eng d a978-981-09-2621-2 aFICbSt1 2015 aFICbSt1 2015 aWatson, Jude aDark warning /cJude Watson. aNew York, NY :bScholastic Inc.,c2015. a139 pages ;c20 cm. aStar wars : Last of the Jediv2 aStar wars fiction. aJuvenile fiction. 2ddccBK c368805d368805 00102lcc40aMUbMUcFICd2026-02-05eLibrary FundkFICl0oFIC St1 2015pM9279r2026-02-05 00:00:00w2026-02-05yBK